NBA: Top 50 Active Players: Field Goal Percent - Statistics

General Stats
  • This quiz has been taken 102 times
    12 since last reset
  • The average score is 22 of 50
Answer Stats
# Player FG% % Correct
26 LeBron James 50.62%
91%
27 Kevin Durant 50.23%
82%
1 DeAndre Jordan 67.37%
73%
12 Nikola Jokić 56.04%
73%
19 Anthony Davis 52.21%
64%
29 Joel Embiid 50.09%
64%
20 Karl-Anthony Towns 52.05%
64%
30 Kawhi Leonard 49.82%
64%
2 Rudy Gobert 65.90%
64%
25 Shai Gilgeous-Alexander 50.64%
64%
9 Zion Williamson 58.80%
64%
23 Alperen Şengün 51.42%
55%
18 Bam Adebayo 52.70%
55%
6 Clint Capela 61.38%
55%
7 Deandre Ayton 59.59%
55%
16 Evan Mobley 54.28%
55%
14 Giannis Antetokounmpo 55.38%
55%
36 Jalen Brunson 48.62%
55%
42 Jaylen Brown 47.85%
55%
33 Myles Turner 49.55%
55%
31 Nikola Vučević 49.77%
55%
39 Aaron Gordon 48.48%
45%
24 Al Horford 50.78%
45%
17 Andre Drummond 54.04%
45%
35 Brook Lopez 49.42%
45%
3 Jarrett Allen 64.09%
45%
50 Jimmy Butler 47.38%
45%
45 Keldon Johnson 47.54%
45%
32 Pascal Siakam 48.72%
45%
13 Domantas Sabonis 55.94%
36%
46 Franz Wagner 47.47%
36%
5 Ivica Zubac 61.58%
36%
11 Jonas Valančiūnas 56.07%
36%
49 Kyrie Irving 47.42%
36%
40 Naz Reid 48.48%
36%
10 Steven Adams 58.36%
36%
41 Bobby Portis 47.89%
27%
4 Jakob Poeltl 63.23%
27%
15 John Collins 54.74%
27%
28 Jusuf Nurkić 50.16%
27%
38 Kelly Olynyk 48.56%
27%
8 Mason Plumlee 59.57%
27%
34 Michael Porter Jr. 49.49%
27%
37 Mikal Bridges 48.58%
27%
43 Tobias Harris 47.72%
27%
47 Desmond Bane 47.43%
18%
48 OG Anunoby 47.43%
18%
22 Taj Gibson 51.69%
18%
21 T.J. McConnell 51.74%
9%
44 Tyrese Haliburton 47.70%
9%
No matching quizzes found
Score Distribution
Percent of People with Each Score
Percentile by Number Answered
Your Score History
You have not taken this quiz since the last reset